000 00292nam a2200121Ia 4500
005 20251222141819.0
008 251222s9999||||xx |||||||||||||| ||spa||
082 _a980/C57/T.III
100 _aChoy, Emilio
245 0 _aAntropología e Historia
264 _bFondo Editorial PUCP
942 _cLIB
999 _c6726
_d6726